Metal Cutting And Machine Tools (Record no. 318015)
[ view plain ]
| 000 -LEADER | |
|---|---|
| fixed length control field | 00385nam a2200145Ia 4500 |
| 008 - FIXED-LENGTH DATA ELEMENTS--GENERAL INFORMATION | |
| fixed length control field | 230718s9999 xx 000 0 und d |
| 041 ## - LANGUAGE CODE | |
| Language code of text/sound track or separate title | eng |
| 082 ## - DEWEY DECIMAL CLASSIFICATION NUMBER | |
| Classification number | 621.902 |
| Item number | RED |
| 100 ## - MAIN ENTRY--PERSONAL NAME | |
| Personal name | Reddy G.T. |
| 9 (RLIN) | 152488 |
| 245 ## - TITLE STATEMENT | |
| Title | Metal Cutting And Machine Tools |
| 260 ## - PUBLICATION, DISTRIBUTION, ETC. (IMPRINT) | |
| Name of publisher, distributor, etc. | Scitech Publications |
| 365 ## - TRADE PRICE | |
| Currency code | Rs. |
| Price amount | 270.00 |
| 700 ## - ADDED ENTRY--PERSONAL NAME | |
| Personal name | Reddy G.T. |
| 9 (RLIN) | 152488 |
| 906 ## - LOCAL DATA ELEMENT F, LDF (RLIN) | |
| d | B:12506-Dec-2007 |
| c | MECH |
| b | 54 |
| Withdrawn status | Lost status | Damaged status | Not for loan | Home library | Current library | Date acquired | Vendor | Budget Code | Cost, normal purchase price | Bill number | Total Checkouts | Full call number | Barcode | Date last seen | Discount | Cost, replacement price | Bill Date | Koha item type | Original Barcode |
|---|---|---|---|---|---|---|---|---|---|---|---|---|---|---|---|---|---|---|---|
| Cummins College of Engineering for Women Pune | Cummins College of Engineering for Women Pune | 04/01/2008 | Om Book Stall | MECH | 216.00 | 125 | 621.902 | CCEP-BK-29222 | 18/07/2023 | 54 | 270.00 | 06/12/2007 | Books | 029222 |